MARC

LEADER 00000nam0a2200000 4500
001 111808
005 20231031121018.0
035 |a (RuTPU)RU\TPU\book\120763 
090 |a 111808 
100 |a 20070320d1957 m y0rusy50 ca 
101 0 |a rus 
102 |a RU 
105 |a a z 000zy 
200 1 |a Что такое полупроводники  |f А. К. Кикоин 
210 |a Свердловск  |c Свердловское Кн. Изд-во  |d 1951 
215 |a 94 с.  |c ил. 
610 1 |a полупроводники 
610 1 |a применение 
610 1 |a радиолампы 
610 1 |a фотоэлементы 
610 1 |a термоэлектрические явления 
675 |a 621.315.59  |v 3 
675 |a 537.311.33  |v 3 
700 1 |a Кикоин  |b А. К.  |g Абрам Константинович 
801 1 |a RU  |b 63413507  |c 20070320  |g PSBO 
801 2 |a RU  |b 63413507  |c 20080215  |g PSBO 
942 |c BK